Động lực học sông và chỉnh trị sông

Saved in:
Bibliographic Details
Main Author: Trần, Minh Quang
Format: Book
Language:Undetermined
Published: Thành phố Hồ Chí Minh Nxb. Đại học Quốc gia Thành phố Hồ Chí Minh 2000
Subjects:
Tags: Add Tag
No Tags, Be the first to tag this record!
Institutions: Trung tâm Học liệu Trường Đại học Cần Thơ
LEADER 00605nam a2200193Ia 4500
001 CTU_39333
008 210402s9999 xx 000 0 und d
020 |c 50000 
082 |a 627 
082 |b Qu106 
100 |a Trần, Minh Quang 
245 0 |a Động lực học sông và chỉnh trị sông 
245 0 |c Trần Minh Quang 
260 |a Thành phố Hồ Chí Minh 
260 |b Nxb. Đại học Quốc gia Thành phố Hồ Chí Minh 
260 |c 2000 
650 |a Hydraulic engineering 
904 |i Minh 
980 |a Trung tâm Học liệu Trường Đại học Cần Thơ